Bullittov prípad

Bibliographic Details
Main Author: Zárecký, Ľ. (Author)
Format: Article
Language:Slovak
Subjects:

MARC

LEADER 00000nab a2200000 ar4500
001 vtls009938571
003 SK-MaSNL
005 20260303045049.0
008 090811c19730205xo |r|p|||||||000 b|slo
015 |a SNBRB1973 
038 |a SNKBUCL 
040 |a SNKBUCL  |b slo  |c SNKBUCL  |e AACR2 
041 |a slo 
044 |a xo  |c SK 
080 |a 791.44(73)  |2 1997 
100 1 |a Zárecký, Ľ.  |4 aut  |9 940014 
245 1 0 |a Bullittov prípad  |c Ľ. Zárecký 
630 0 7 |a Bullittov prípad (film)  |2 snkbucl  |9 1035113 
655 7 |a recenzie  |2 snkbucl  |9 21907 
773 0 |t Večer  |g (5.2.1973), s. 2 
852 |a SNK  |b KIS3GCP 
958 |a RC 
999 |c 1702421  |d 1704351